000 00300nam a22001217a 4500
082 _a658.3 PIG'P
100 _aPIGORS, CHARLES A
_958497
245 _aPERSONNAL ADMINISTRATION A POINT OF VIEW AND A METHODS
250 _a3RD
260 _aNEWYORK
_bMCGRAW HILL
_c1956
300 _a711P
942 _cBK
999 _c568689
_d568689